000 00962nam a2200229Ia 4500
999 _c40989
_d40989
001 7637
003 GE_BSU
005 20240118154143.0
008 181216s1967||||ge |||||||||||||| ||geo||
040 _cGE_BSU
041 _ageo
080 _a821.353.1-32 დ–74
100 _aდონჟაშვილი, თინა
_920879
245 _aვერ მიგატოვებ :
_bმოთხრობა /
_cთინა დონჟაშვილი ; რედ. რ. ორჯონიკიძე ; მხატვ. ნ.ლაფაჩი.
264 _aთბილისი.:
_bსაბჭ. საქართველო,
_c1967.
300 _a341 გვ. ;
_c21 სმ.
653 _aვერ მიგატოვებ
653 _aმოთხრობა
700 _aორჯონიკიძე, რ.
_eრედაქტორი
_921079
700 _aლაფაჩი, ნ.
_eმხატვარი
_95891
942 _cBK
_2udc